बाल कृष्ण शर्मा : (Record no. 53477)

MARC details
000 -LEADER
fixed length control field 00757nam a2200217Ia 4500
005 - DATE AND TIME OF LATEST TRANSACTION
control field 20260429112323.0
008 - FIXED-LENGTH DATA ELEMENTS--GENERAL INFORMATION
fixed length control field 260429s9999||||xx |||||||||||||| ||und||
020 ## - INTERNATIONAL STANDARD BOOK NUMBER
International Standard Book Number 8186311505
041 ## - LANGUAGE CODE
Language Hindi
082 ## - DEWEY DECIMAL CLASSIFICATION NUMBER
Classification number 891.431
Item number CHA
100 ## - MAIN ENTRY--PERSONAL NAME
Personal name चतुर्वेदी, नरेशचंद्र
245 #0 - TITLE STATEMENT
Title बाल कृष्ण शर्मा :
Remainder of title नवीन काव्य रचनावली /
Statement of responsibility, etc नरेशचंद्र चतुर्वेदी
250 ## - EDITION STATEMENT
Edition statement 1st ed.
260 ## - PUBLICATION, DISTRIBUTION, ETC. (IMPRINT)
Place of publication, distribution, etc दिल्ली :
Name of publisher, distributor, etc प्रकाशन संस्थान,
Date of publication, distribution, etc 2011.
300 ## - PHYSICAL DESCRIPTION
Extent 361 p.; Hb
440 ## - SERIES STATEMENT/ADDED ENTRY--TITLE
Volume number/sequential designation भाग-3
650 ## - SUBJECT ADDED ENTRY--TOPICAL TERM
Topical term or geographic name as entry element Hindi essays
700 ## - ADDED ENTRY--PERSONAL NAME
Personal name कुकुम
700 ## - ADDED ENTRY--PERSONAL NAME
Personal name रश्मिरेखा
942 ## - ADDED ENTRY ELEMENTS (KOHA)
Koha item type Text Books
Holdings
Withdrawn status Lost status Damaged status Not for loan Collection code Home library Location Shelving location Date of Cataloging Source of acquisition Total Checkouts Full call number Barcode Date last seen Price effective from Koha item type
        Non-fiction CUTN Central Library CUTN Central Library Literature 29/04/2026 Segment Book Distributors, New Delhi - Invoice No. 71458 on 09-02-2026   891. 431 CHA 58216 29/04/2026 29/04/2026 Text Books